书目信息 |
| 题名: |
明末江南的出版文化
|
|
| 作者: | 大木康, 著 ;周保雄 译 | |
| 分册: | ||
| 出版信息: | 上海 上海古籍出版社 2020.3 |
|
| 页数: | 189页, [8] 页图版 | |
| 开本: | 24cm | |
| 丛书名: | 复旦文史丛刊 | |
| 单 册: | ||
| 中图分类: | G239.294.8 | |
| 科图分类: | ||
| 主题词: | 出版事业--文化史--研究--华东地区--明代 | |
| 电子资源: | ||
| ISBN: | 978-7-5325-9482-5 | |
| 000 | 01033nam 2200301 45 | |
| 001 | 012001004114 | |
| 005 | 20140926135818.0 | |
| 010 | @a978-7-5325-9482-5@b精装@dCNY58.00 | |
| 099 | @aCAL 012020052711 | |
| 100 | @a20200615d2020 em y0chiy0110 ea | |
| 101 | 1 | @achi@cjpn |
| 102 | @aCN@b310000 | |
| 105 | @aabfka 000yy | |
| 106 | @ar | |
| 200 | 1 | @a明末江南的出版文化@Aming mo jiang nan de chu ban wen hua@f(日) 大木康著@g周保雄译 |
| 210 | @a上海@c上海古籍出版社@d2020.3 | |
| 215 | @a189页, [8] 页图版@c图 (部分彩图), 地图@d24cm | |
| 225 | 2 | @a复旦文史丛刊@Afu dan wen shi cong kan |
| 320 | @a有书目 (第176-185页) | |
| 330 | @a本书研究着力于明末书籍的产生、流通过程本身诸问题,并运用了社会史的研究方法。 | |
| 410 | 0 | @12001 @a复旦文史丛刊 |
| 461 | 0 | @12001 @a复旦文史丛刊 |
| 606 | 0 | @a出版事业@x文化史@x研究@y华东地区@z明代 |
| 690 | @aG239.294.8@v5 | |
| 701 | 0 | @a大木康,@Ada mu kang@f1959-@4著 |
| 702 | 0 | @a周保雄@Azhou bao xiong@4译 |
| 801 | @aCN@bAHXH@c20210922 | |
| 905 | @b1329466-70@dG239.294.8@e122@f5 | |
| 明末江南的出版文化/(日) 大木康著/周保雄译.-上海:上海古籍出版社,2020.3 |
| 189页, [8] 页图版:图 (部分彩图), 地图;24cm.-(复旦文史丛刊) |
| ISBN 978-7-5325-9482-5(精装):CNY58.00 |
| 本书研究着力于明末书籍的产生、流通过程本身诸问题,并运用了社会史的研究方法。 |
| ● |
| 相关链接 |
|
|
|
|
正题名:明末江南的出版文化
索取号:G239.294.8/122
 
预约/预借
| 序号 | 登录号 | 条形码 | 馆藏地/架位号 | 状态 | 备注 |
| 1 | 1329466 | 213294665 | 第一样本阅览室/ [索取号:G239.294.8/122] | 在馆 | |
| 2 | 1329467 | 213294674 | 教育系资料室/ [索取号:G239.294.8/122] | 在馆 | |
| 3 | 1329468 | 213294683 | 教育系资料室/ [索取号:G239.294.8/122] | 在馆 | |
| 4 | 1329469 | 213294692 | 第四借阅区/ [索取号:G239.294.8/122] | 在馆 | |
| 5 | 1329470 | 213294709 | 第四借阅区/ [索取号:G239.294.8/122] | 在馆 |